00972na a2200253 450000100060000000300080000600500170001400800410003103500100007204000250008204100080010709000110011511000410012624501650016726000300033230000180036244000510038061000660043165000500049783000410054794200130058895201020060199900150070322427MIRAKIL20181213155254.0170213b tu 000 0  a22427 aMilasbturcTR-AnCHP atur aSHP 39 aSosyaldemokrat Halkçı Parti (SHP) aYitik tüzük kırık demokrasi dönüm kurultayıbSHP IV.Olağanüstü Kurultay ÇağrısıcSosyaldemokrat Halkçı Parti Merkez Yürütme Kurulu aAnkarabSHPcHaziran 1989 a43 s.c14 sm. aSHP yayınlarıpIV. Olağanüstü Kurultay aSosyaldemokrat Halkçı Parti (SHP)xTüzükleryDemokrasi aSiyasal partilerxSHPyKurultaylarzTürkiye aSosyaldemokrat Halkçı Parti (SHP) 2ddccBKS 51a0001b0001d2017-02-13e2f SHPl0oSHP 39p014244r2017-02-13 00:00:00v0.00w2017-02-13yBKS c9697d9697